000 00463nam a2200181Ia 4500
001 20799
005 20260306172832.0
008 260306t2018||||xx |||||||||||||| ||spa||
041 _aESP
082 _a343.8
_bC14A
100 _aCachay Castañeda, José
_eAUT
245 0 _aCódigo tributario:
_bcasos prácticos y consultas frecuentes
260 _c2018
300 _a558 páginas :
_c25 cm.
650 _aGEN
654 _aCDE
942 _cLIB
_dJUS
_fJUS
_2ddc
_n
999 _c20799
_d20799